Kanban for the Supply Chain, 2nd Edition /

Following in the footsteps of its popular predecessor, the second edition of this workbook explains how to apply kanban replenishment systems to improve material flow. Kanban for the Supply Chain: Fundamental Practices for Manufacturing Management, Second Edition provides readers with a detailed roa...

Full description

Bibliographic Details
Main Author: Cimorelli, Stephen (Author)
Corporate Author: Safari, an O'Reilly Media Company
Format: eBook
Language:English
Published: Productivity Press, 2016.
Edition:2nd edition.
Subjects:
Online Access:Connect to this electronic resource

MARC

Tag First Indicator Second Indicator Subfields
LEADER 00000uam a2200000 a 4500
001 in00004255607
005 20260122213305.6
006 m o d
007 cr cn
008 070913s2016 xx o eng
020 |z 9781439895504 
020 |z 9781439895498 
020 |z 148220925X 
020 |z 143989549X 
020 |z 1482209268 
020 |z 9781482209266 
020 |z 9781482209259 
020 |z 9781138438330 
020 |z 9780429295669 
020 |z 1138438332 
020 |z 0429295669 
035 |a (CaSebORM)9781439895504 
040 |d UtOrBLW 
041 0 |a eng 
100 1 |a Cimorelli, Stephen,  |e author. 
245 1 0 |a Kanban for the Supply Chain, 2nd Edition /  |c Cimorelli, Stephen. 
250 |a 2nd edition. 
264 1 |b Productivity Press,  |c 2016. 
300 |a 1 online resource (137 pages) 
336 |a text  |b txt  |2 rdacontent 
337 |a computer  |b c  |2 rdamedia 
338 |a online resource  |b cr  |2 rdacarrier 
347 |a text file 
520 |a Following in the footsteps of its popular predecessor, the second edition of this workbook explains how to apply kanban replenishment systems to improve material flow. Kanban for the Supply Chain: Fundamental Practices for Manufacturing Management, Second Edition provides readers with a detailed roadmap for achieving a successful and sustainable kanban implementation. Detailing the steps required for each stage of the manufacturing and supply chain management process, this updated edition focuses on creating an environment for success. It addresses internal mechanisms, including leveling production schedules, as well as external elements, such as conducting a thorough analysis of customer demand. Numerous techniques are presented for setting up kanban that consider a wide array of material types, dimensions, and storage media. This edition presents a wealth of new tools and techniques useful across the broad spectrum of manufacturing environments, including: A statistical data cleansing technique to remove questionable or irrelevant data from kanban calculations Correlation analysis based on simple Excel techniques to guide the decisions around which part numbers "qualify" for kanban An alternative "stair-step analysis" approach for those who are unable to generate correlation data and prefer to use more readily available monthly demand history An approach to analyze supplier performance data vs. lead time and lot size expectations, with risk mitigation strategies for poor performing suppliers This book is for those who are ready to stop thinking about a conversion from materials requirements planning push techniques to kanban pull techniques and want to make it happen now. Stephen Cimorelli provides actionable advice for installing fundamental kanban concepts that can immediately help you increase manufacturing productivity and profitability. The book includes team-based exercises that reinforce key principles as well as a CD with helpful outlines, charts, figures, and diagrams. 
533 |a Electronic reproduction.  |b Boston, MA :  |c Safari,  |n Available via World Wide Web.  |d 2013. 
538 |a Mode of access: World Wide Web. 
542 |f Copyright © Productivity Press 2013  |g 2013 
588 |a Online resource; Title from title page (viewed April 19, 2016) 
500 |a Electronic resource. 
655 7 |a Electronic books.  |2 local 
710 2 |a Safari, an O'Reilly Media Company. 
856 4 0 |u https://proxy.library.tamu.edu/login?url=https://go.oreilly.com/TAMU/library/view/-/9781439895504/?ar  |z Connect to this electronic resource  |t 0 
999 f f |s b0f49315-348e-30a6-ae55-8400ebb33994  |i 2a74fca1-d479-362f-905f-83bb38c92070  |t 0 
952 f f |a Texas A&M University  |b College Station  |c Electronic Resources  |s www_evans  |d Available Online  |t 0  |h No information provided 
998 f f |t 0  |l Available Online